| 000 | 00606nam a22002057a 4500 | ||
|---|---|---|---|
| 005 | 20170124105918.0 | ||
| 010 | _aB-045721 | ||
| 020 |
_a0198602863 _c00.00 |
||
| 035 | _aB-045721 | ||
| 037 | _bCen Lib/Ret | ||
| 040 |
_aDPL _bEN |
||
| 082 |
_a483 _bDIC |
||
| 245 |
_aA dictionary of synonyms and antonyms / _ccompiled by Alan Spooner |
||
| 260 |
_aOxford _bOxford University Press _c1999 |
||
| 270 |
_bOxford _aGreat Clarendon Street |
||
| 300 |
_a572p. _c20cm(Hb) |
||
| 650 |
_aEnglish Grammar _vDictionary _93317 |
||
| 700 |
_aSpooner, Alan _921744 |
||
| 942 |
_2ddc _cEN _h483 _mDIC |
||
| 999 |
_c122963 _d122963 |
||